Network security: private communication in a public world (Record no. 4403)

000 -LEADER
fixed length control field 00582 a2200157 4500
020 ## - INTERNATIONAL STANDARD BOOK NUMBER
International Standard Book Number 9788177584158
040 ## - CATALOGING SOURCE
Original cataloging agency DLC
Language of cataloging DLC
082 ## - DEWEY DECIMAL CLASSIFICATION NUMBER
Classification number 005.820
245 ## - TITLE STATEMENT
Title Network security: private communication in a public world
Statement of responsibility, etc. Kaufman, Charlie
250 ## - EDITION STATEMENT
Edition statement 2nd ed.
260 ## - PUBLICATION, DISTRIBUTION, ETC.
Place of publication, distribution, etc. New Delhi :
Name of publisher, distributor, etc. Pearson Education Inc,
Date of publication, distribution, etc. c2003.
300 ## - PHYSICAL DESCRIPTION
Extent 729 p. :
Other physical details ill.
Dimensions 25 cm.
500 ## - GENERAL NOTE
General note Includes Index
650 ## - SUBJECT ADDED ENTRY--TOPICAL TERM
Topical term or geographic name entry element 1.Computer security. 2.Computers--Access control. 3.Electronic data processing departments--Security measures. 4.Computer networks--Security measures.
942 ## - ADDED ENTRY ELEMENTS (KOHA)
Koha item type Book
Call number prefix 005.820 KAU
Source of classification or shelving scheme
Holdings
Withdrawn status Lost status Damaged status Not for loan Collection code Permanent Location Current Location Shelving location Date acquired Source of acquisition Cost, normal purchase price Total Checkouts Full call number Barcode Date last seen Date last checked out Price effective from Koha item type Total Renewals
          Central Library (CL) Central Library (CL) First Floor - Artificial Intelligence/Data Mining 05/19/2009 Star Books 348.75 1 005.820 KAU SEECS009436 03/02/2014 02/01/2014 01/05/2017 Book  
          Central Library (CL) Central Library (CL) First Floor - Artificial Intelligence/Data Mining 05/19/2009 Star Books 348.75   005.820 KAU SEECS009440 11/14/2012   01/05/2017 Book  
          Central Library (CL) Central Library (CL) First Floor - Artificial Intelligence/Data Mining 05/19/2009 Star Books 348.75   005.820 KAU SEECS009434 11/14/2012   01/05/2017 Book  
          Central Library (CL) Central Library (CL) First Floor - Artificial Intelligence/Data Mining 05/19/2009 Star Books 348.75   005.820 KAU SEECS009438 11/14/2012   01/05/2017 Book  
          Central Library (CL) Central Library (CL) First Floor - Artificial Intelligence/Data Mining 05/19/2009 Star Books 348.75   005.820 KAU SEECS009435 11/14/2012   01/05/2017 Book  
          Central Library (CL) Central Library (CL) First Floor - Artificial Intelligence/Data Mining 05/19/2009 Star Books 348.75   005.820 KAU SEECS009439 06/20/2021   01/05/2017 Book 3
          Central Library (CL) Central Library (CL) First Floor - Artificial Intelligence/Data Mining 05/19/2009 Star Books 348.75 1 005.820 KAU SEECS009437 11/19/2015 10/13/2015 01/05/2017 Book  
© 2023 Central Library, National University of Sciences and Technology. All Rights Reserved.